Aguascalientes : (Record no. 201930)

MARC details
000 -CABECERA
campo de control de longitud fija 01042cam a2200289 u 4500
003 - IDENTIFICADOR DEL NÚMERO DE CONTROL
campo de control UPN
005 - FECHA Y HORA DE LA ÚLTIMA TRANSACCIÓN
campo de control 20230510063808.0
008 - ELEMENTOS DE LONGITUD FIJA--INFORMACIÓN GENERAL
campo de control de longitud fija 190328s2012 mx aob br 000 0 spa d
020 ## - NÚMERO INTERNACIONAL NORMALIZADO PARA LIBROS
Número Internacional Estándar del Libro 9786074699982
035 ## - NÚMERO DE CONTROL DEL SISTEMA
Número de control de sistema UPN01000229835
040 ## - FUENTE DE LA CATALOGACIÓN
Centro catalogador/agencia de origen MX-MxUPN
Lengua de catalogación spa
050 #4 - SIGNATURA TOPOGRÁFICA DE LA BIBLIOTECA DEL CONGRESO
Número de clasificación LB1582 M63
Número de documento/Ítem A4 2012
100 1# - ASIENTO PRINCIPAL--NOMBRE PERSONAL
9 (RLIN) 48845
Nombre de persona González Gámez, Magdalena
100 1# - ASIENTO PRINCIPAL--NOMBRE PERSONAL
9 (RLIN) 48847
Nombre de persona Rajchenberg Snajer, Enrique
100 1# - ASIENTO PRINCIPAL--NOMBRE PERSONAL
9 (RLIN) 48848
Nombre de persona Reyes Rodríguez, Andrés
100 1# - ASIENTO PRINCIPAL--NOMBRE PERSONAL
9 (RLIN) 48849
Nombre de persona Zurián, Carla
100 1# - ASIENTO PRINCIPAL--NOMBRE PERSONAL
9 (RLIN) 48850
Nombre de persona Solache, Graciela
245 10 - MENCIÓN DE TÍTULO
Título Aguascalientes :
Resto del título la entidad donde vivo : 3 grado
260 ## - PUBLICACIÓN, DISTRIBUCIÓN, ETC.
Lugar de publicación, distribución, etc. México, D.F. :
Nombre del editor, distribuidor, etc. Secretaría de Educación Pública, Dirección General de Materiales Educativos,
Fecha de publicación, distribución, etc. 2012
300 ## - DESCRIPCIÓN FÍSICA
Extensión 160 páginas :
Otras características físicas ilustraciones a color, fotografías, mapas
650 #7 - ASIENTO SECUNDARIO DE MATERIA - TERMINO TEMATICO
9 (RLIN) 14611
Término de materia o nombre geográfico como elemento de entrada Educación primaria
Subdivisión de forma Libros de texto
651 #7 - ASIENTO SECUNDARIO DE MATERIA - NOMBRE GEOGRAFICO
Nombre geográfico Aguascalientes
Subdivisión general Historia
Fuente del encabezamiento o término
9 (RLIN) 1931
651 #7 - ASIENTO SECUNDARIO DE MATERIA - NOMBRE GEOGRAFICO
Nombre geográfico Aguascalientes
Subdivisión general Descripción y viajes
Fuente del encabezamiento o término
9 (RLIN) 1915
902 ## - ELEMENTOS DE DATOS B LOCAL, LDB (RLIN)
Modificó VíctorGodínez/090523
942 ## - ELEMENTOS DE PUNTO DE ACCESO ADICIONAL (KOHA)
Fuente del sistema de clasificación o colocación Library of Congress Classification
Tipo de ítem Koha Libro
Holdings
Estado de retiro Estado de pérdida Fuente del sistema de clasificación o colocación Estado dañado No para préstamo Código de colección Localización permanente Ubicación/localización actual Ubicación en estantería Fecha de adquisición Clasificación Código de barras Fecha visto por última vez Tipo de ítem Koha
    Library of Congress Classification   Disponible (Préstamo en sala) Libros de texto gratuitos Bib. Gregorio Torres Quintero Bib. Gregorio Torres Quintero Colecciones especiales Planta alta 09/05/2023 LB1582 M63 A4 2012 330705 31/12/2020 Libro